Annual report on exchange arrangements and exchange restrictions 2004
Na minha lista:
| Formato: | Livro |
|---|---|
| Idioma: | inglês |
| Publicado em: |
Washington
IMF
2004
|
| Assuntos: | |
| Tags: |
Sem tags, seja o primeiro a adicionar uma tag!
|
MARC
| LEADER | 00000nam$a2200000$$$4500 | ||
|---|---|---|---|
| 001 | 0021942 | ||
| 005 | 20240315115105.0 | ||
| 020 | |a 1-58906-336-8 | ||
| 022 | |a 0250-7366 | ||
| 041 | 0 | |a eng | |
| 044 | |a US | ||
| 245 | 1 | 0 | |a Annual report on exchange arrangements and exchange restrictions 2004 |
| 264 | 1 | |a Washington |b IMF |c 2004 | |
| 300 | |a xi, 1076 s. | ||
| 610 | 2 | 0 | |a devízy |
| 610 | 2 | 0 | |a valuty |
| 610 | 2 | 0 | |a mena |
| 610 | 2 | 0 | |a politika devízová |
| 610 | 2 | 0 | |a dohody obchodné medzinárodné |
| 610 | 2 | 0 | |a obchod medzinárodný |
| 610 | 2 | 0 | |a dovoz |
| 610 | 2 | 0 | |a vývoz |
| 610 | 2 | 0 | |a politika peňažná |
| 610 | 2 | 0 | |a platby obchodné |
| 610 | 2 | 0 | |a politika menová |
| 610 | 2 | 0 | |a porovnanie medzinárodné |
| 610 | 2 | 0 | |a účty |
| 610 | 2 | 0 | |a kapitál |
| 610 | 2 | 0 | |a Medzinárodný menový fond |
| 610 | 2 | 0 | |a svet |